| 000 | 00627nam a2200193Ia 4500 | ||
|---|---|---|---|
| 003 | OSt | ||
| 005 | 20240517150917.0 | ||
| 008 | 210210b1981 xxu||||| |||| 00| 0 eng d | ||
| 040 | _cAL | ||
| 041 | _aKannada | ||
| 082 | _aK894.308 ICHA | ||
| 100 |
_aICHANURU JAYALAKSHMI MANOHAR. _dಈಚನೂರು ಜಯಲಕ್ಷ್ಮಿ ಮನೋಹರ್ _9165935 |
||
| 245 |
_aAntaraladolagondu kirudani. _bಅಂತರಾಳದೊಳಗೊಂದು ಕಿರುದನಿ |
||
| 260 |
_aBengaluru _bIchanuru Jayalakshmi Manohar _c1981 |
||
| 300 | _a100 | ||
| 690 |
_aKannada Fiction _9165936 |
||
| 906 | _a035940 | ||
| 942 |
_2ddc _cBK |
||
| 999 |
_c86359 _d86359 |
||